Score 0/50 Timer 06:00
2 Plays Today
Rank Subreddit % Correct
2funny
76.9%
6pics
74.1%
1AskReddit
61.5%
9gaming
57.9%
10videos
52.3%
5worldnews
52.1%
7IAmA
51.1%
15news
48.6%
11movies
48.3%
4science
48.2%
14aww
47.9%
13Music
47.8%
3todayilearned
45.8%
16gifs
32.8%
21television
32.3%
27sports
30.1%
30Jokes
28.2%
25Showerthoughts
27.5%
18askscience
26.8%
28tifu
25.7%
26space
23.2%
23mildlyinteresting
23%
31food
21.9%
12blog
21%
20books
20.4%
Rank Subreddit % Correct
8announcements
18.3%
19EarthPorn
17.2%
33history
15.5%
45Art
14.5%
47nosleep
13.8%
17explainlikeimfive
12%
34nottheonion
11.4%
22LifeProTips
11.1%
44OldSchoolCool
11.1%
37dataisbeautiful
11%
50Fitness
10.8%
36Futurology
10.2%
24DIY
9.7%
48WritingPrompts
8.9%
49TwoXChromosomes
8.6%
35photoshopbattles
7.9%
46creepy
7.9%
39personalfinance
7.5%
40GetMotivated
7.4%
41UpliftingNews
7.4%
29InternetIsBeautiful
7.2%
38Documentaries
7%
32gadgets
5.4%
42listentothis
5.1%
43philosophy
4.1%
Remove Ads.
Support Sporcle.
Get the best of Sporcle when you Go Orange. This ad-free experience offers more features, more stats, and more fun while also helping to support Sporcle. Thank you for becoming a member.

You're not logged in!

Compare scores with friends on all Sporcle quizzes.
OR
Log In

Show Comments

Extras

Top Quizzes Today


Score Distribution

Your Account Isn't Verified!

In order to create a playlist on Sporcle, you need to verify the email address you used during registration. Go to your Sporcle Settings to finish the process.

Report this User

Report this user for behavior that violates our Community Guidelines.

Details: